=LDR 00000nam 2200000 4500 =001 000168 =020 $9786020808987 =082 $631.500 =100 $$a Susi Anggraeni =245 $$a Kiat sukses bertanam hidroponik untuk pemula /$c Susi Anggraeni =250 $Cetakan Pertama =264 $Yogyakarta: Trans Idea Publishing 2024 =300 $120 halaman; 21 cm. =650 $Pertanian =905 $631.5 SUS k =336 $$a =337 $$a =338 $$a =005 20260702151432.0 =008 260702s2026\\\\\\\\\\\\\\\\\\\\\\\\\\\\\\\\\\\\\\\\\